| 000 | 00946nam0a22002411 4500 | ||
|---|---|---|---|
| 001 | rc\4496969 | ||
| 005 | 20250611184342.0 | ||
| 021 |
_aRU _bРг3672-59 |
||
| 035 | _a(NLR Aleph) 008340542 | ||
| 090 |
_a8874510 _c8874510 |
||
| 100 | _a20130416d1959 |||y0rusy50 ca | ||
| 101 | 0 | _arus | |
| 102 | _aRU | ||
| 105 | _ay c ||||| | ||
| 200 | 1 |
_aМетодические указания участникам 2-й областной туристско-краеведческой эстафеты "По дорогам семилетки" _fОбл. отд. нар. образования. Обл. ком. ВЛКСМ. Обл. ДЭТС |
|
| 210 |
_aКурск _cБ. и. _d1959 |
||
| 215 |
_a9 с., включ. обл. _d20 |
||
| 710 | 1 | 2 | _aКурская обл. детская экскурсионно-туристская станция |
| 801 | 0 |
_aRU _bNLR _gpsbo |
|
| 801 | 1 |
_aRU _bELAR _2rusmarc |
|
| 852 |
_aNLR _j59-4/8465 |
||
| 942 | _cBOOK | ||
| 980 | _aNB | ||